|
|
|
|
| LEADER |
01216nam a2200229 a 4500 |
| 003 |
GR-PaULI |
| 005 |
20210223090619.0 |
| 008 |
190605s2002 gr f |||| 00| 0 gre d |
| 952 |
|
|
|0 0
|1 0
|2 ddc
|4 0
|6 333_850000000000000_ΚΙΤ
|7 0
|9 232670
|a LISA
|b LISA
|c BSC
|d 2019-06-05
|i 15103
|l 0
|o 333.85 ΚΙΤ
|p 025000262418
|r 2019-06-05 00:00:00
|t 1
|v 2019.00
|w 2019-06-05
|y BK15
|
| 999 |
|
|
|c 141288
|d 141288
|
| 040 |
|
|
|a GR-PaULI
|b gre
|c GR-PaULI
|d GR-AiPI
|e AACR2
|
| 082 |
0 |
4 |
|a 333.85
|2 23
|
| 100 |
1 |
|
|9 17259
|a Κιτσόπουλος, Κωνσταντίνος
|e συγγραφέας.
|
| 245 |
1 |
0 |
|a Διαχείριση ορυκτών πόρων /
|c Κωνσταντίνος Κιτσόπουλος.
|
| 260 |
|
|
|a Αγρίνιο :
|b Πανεπιστήμιο Ιωαννίνων - Τμήμα Διαχείρισης Περιβάλλοντος και Φυσικών Πόρων,
|c 2002.
|
| 300 |
|
|
|a 222 σ. :
|b πίν. ;
|c 24 εκ.
|
| 500 |
|
|
|a Σημειώσεις μαθήματος.
|
| 650 |
|
4 |
|9 91610
|a Ορυχεία και ορυκτοί πόροι
|x Ελλάδα
|
| 650 |
|
4 |
|a Ορυχεία και ορυκτοί πόροι
|z Ευρώπη
|9 175958
|
| 650 |
|
4 |
|9 1105
|a Ορυκτολογία
|
| 942 |
|
|
|2 ddc
|c BK15
|
| 998 |
|
|
|c ΜΙΧΟΣΤΑΥΡΟΥ
|d 2019-06
|